Statystyki dla Państwa świata z literą S

Kliknij tutaj aby rozwiązać quiz!

Ogólne statystyki

  • Ten quiz został rozwiązany 1 044 razy
  • Średni wynik to 41 z 60

Statystyki odpowiedzi

Państwa% Poprawnych
Szwecja
96%
Słowacja
91%
Słowenia
90%
Szwajcaria
90%
USA
90%
Australia
83%
Rosja
82%
Serbia
82%
Austria
80%
Hiszpania
80%
Polska
79%
Afganistan
78%
Arabia Saudyjska
78%
San Marino
77%
Sudan
77%
Pakistan
76%
Kazachstan
75%
Somalia
75%
Tadżykistan
75%
Estonia
74%
Islandia
74%
Turkmenistan
74%
Uzbekistan
74%
Seszele
73%
Sudan Południowy
72%
Syria
72%
Kirgistan
71%
Meksyk
71%
Zjednoczone Emiraty Arabskie
70%
Senegal
69%
Singapur
69%
Surinam
69%
Luksemburg
68%
Salwador
67%
Sri Lanka
67%
Liechtenstein
66%
Saint Lucia
64%
Saint Vincent i Grenadyny
64%
Wyspy Salomona
64%
Kostaryka
63%
Wyspy Świętego Tomasza i Książęca
63%
Saint Kitts i Nevis
62%
Wyspy Marshalla
62%
Samoa
61%
Honduras
60%
Kosowo
59%
Madagaskar
58%
Sierra Leone
58%
Wybrzeże Kości Słoniowej
58%
Laos
57%
Republika Środkowoafrykańska
55%
Bangladesz
53%
Botswana
53%
Mauritius
51%
Gwinea Bissau
50%
Eswatini
49%
Burkina Faso
48%
Barbados
47%
Lesotho
47%
Timor Wschodni
44%

Rozkład punktacji

Percentyl według liczby udzielonych odpowiedzi

Procent ludzi z każdym wynikiem

Twoja historia wyników

Nie rozwiązałeś tego quizu